00721nam a22002057a 450000500170000001000150001702000260003203500140005803700090007208200130008110000260009424500530012025000060017326000420017927000750022130000200029694200240031699900190034095201560035920260115140920.0 aENG-147472 a9789348235114c499.00 aEN-131004 bDBAD a387.521 aParikh, Sanjay986415 aThe Blue Lady:bA Tale of a Ship/cSanjay Parikh a1 aNew DelhibVani Prakashan Groupc2025 bNew Delhia4695, 21-A, Daryaganje110002k+911123273167k+911123275710 a157p.c25cm(hb) 2ddccENh387.5mPAR c214156d214156 001040708NFICaBL1bBL1d2026-01-15eDelivery of Books Act Divisiong499.00l0o387.5 PARpEN-131004r2026-01-15 00:00:00t1v499.00w2026-01-15yEN